| 000 | 00492cam a2200193ua 4500 | ||
|---|---|---|---|
| 020 | _c7.50 | ||
| 041 |
_aeng _h |
||
| 082 |
_a515.63 _bSHA/TE |
||
| 100 | _aShanti, Narayanan . | ||
| 245 |
_aText book of vector calculus with applications / _cShanti Narayanan. _hTextual Documents |
||
| 250 |
_a3 / _b. |
||
| 260 |
_aNew Delhi : _bS.Chand and Co , _c1955. |
||
| 300 | _a317 ; . | ||
| 365 | _a7.50 | ||
| 504 | _a | ||
| 700 | 1 | _aKapur, J N . | |
| 942 | _cBK | ||
| 999 |
_c9902 _d9902 |
||